[Event "14PCR_F"]
[Site "?"]
[Date "2005.??.??"]
[Round "?"]
[White "Mudra, Oldrich"]
[Black "Nosek, Jaroslav"]
[Result "0-1"]
[WhiteElo "2097"]
[BlackElo "2284"]
[PlyCount "100"]
[EventDate "2005.??.??"]
[EventType "corr"]
[SourceDate "2006.01.10"]

1. Nf3 Nf6 2. g3 b5 3. Bg2 Bb7 4. d4 e6 5. O-O c5 6. c3 Na6 7. Bf4 Rc8 8. h3
Be7 9. Qb3 Bc6 10. Bg5 h6 11. Be3 O-O 12. Nbd2 c4 13. Qd1 d6 14. Re1 Nb8 15.
Nf1 Nbd7 16. Bc1 a5 17. N1d2 d5 18. b3 b4 19. Bb2 a4 20. bxa4 Qa5 21. cxb4 Qxb4
22. Qc1 Rb8 23. Ne5 Nxe5 24. Bc3 Qxa4 25. dxe5 Nd7 26. Nf3 Rfc8 27. Qe3 Nc5 28.
Nd2 Na6 29. a3 Bd7 30. Rec1 Nc7 31. Bb4 Bxb4 32. axb4 Qxb4 33. Rcb1 Qe7 34.
Rxb8 Rxb8 35. Nf3 Qb4 36. Qc1 Ba4 37. Kh2 c3 38. Ne1 Qb2 39. Qxb2 cxb2 40. Rb1
Rb5 41. Bf1 d4 42. e3 Rb3 43. Nd3 Bb5 44. Nc5 Rc3 45. Bxb5 Rxc5 46. Ba4 Rc4 47.
Bb3 Rb4 48. Rxb2 Nb5 49. Kg1 d3 50. Kf1 Nc3 0-1

[Event "14PCR_F"]
[Site "?"]
[Date "2005.??.??"]
[Round "?"]
[White "Zahour, Jiri"]
[Black "Janecek, Josef"]
[Result "1/2-1/2"]
[WhiteElo "2292"]
[BlackElo "2227"]
[PlyCount "129"]
[EventDate "2005.??.??"]
[EventType "corr"]
[SourceDate "2006.01.10"]

1. e4 c5 2. Nf3 Nc6 3. Bb5 g6 4. Bxc6 dxc6 5. d3 Bg7 6. h3 Nf6 7. Nc3 Nd7 8.
Be3 e5 9. Qd2 Qe7 10. Bh6 Bxh6 11. Qxh6 f6 12. Nd2 Nf8 13. f4 exf4 14. Qxf4 Ne6
15. Qf2 Nd4 16. Nb3 Qe5 17. Nxd4 cxd4 18. Ne2 c5 19. O-O O-O 20. Qh4 Bd7 21.
Rf2 f5 22. exf5 Rxf5 23. Rxf5 Qxf5 24. Ng3 Qe5 25. Ne4 Rf8 26. Re1 h5 27. a3
Bc6 28. Ng5 Qf6 29. Qg3 Bd5 30. Ne4 Bxe4 31. Rxe4 b6 32. c3 dxc3 33. bxc3 Kg7
34. d4 cxd4 35. cxd4 Rd8 36. Qc7+ Kh6 37. Qc1+ Kg7 38. Qc7+ Kh6 39. Qc3 Rd7 40.
Qe3+ Qg5 41. Kf2 Rc7 42. d5 Rf7+ 43. Ke2 Rf5 44. d6 Rd5 45. Re6 b5 46. g4 Qxe3+
47. Kxe3 hxg4 48. hxg4 a5 49. Ke4 Rd2 50. Re5 b4 51. Rxa5 bxa3 52. g5+ Kg7 53.
Ra7+ Kg8 54. Ke5 a2 55. Ke6 Re2+ 56. Kf6 Rd2 57. Ra8+ Kh7 58. Ke7 Kg7 59. Ra7
Re2+ 60. Kd8+ Kf8 61. d7 Kf7 62. Ra6 Rf2 63. Ra3 Rb2 64. Ra4 Rf2 65. Ra3
1/2-1/2

[Event "14PCR_F"]
[Site "?"]
[Date "2005.??.??"]
[Round "?"]
[White "Rychtecky, Pavel"]
[Black "Janecek, Josef"]
[Result "1/2-1/2"]
[WhiteElo "2218"]
[BlackElo "2227"]
[PlyCount "94"]
[EventDate "2005.??.??"]
[EventType "corr"]
[SourceDate "2006.01.10"]

1. e4 c5 2. Nf3 Nc6 3. d4 cxd4 4. Nxd4 Nf6 5. Nc3 e5 6. Ndb5 d6 7. Bg5 a6 8.
Na3 b5 9. Bxf6 gxf6 10. Nd5 Bg7 11. Bd3 Ne7 12. Nxe7 Qxe7 13. c4 f5 14. O-O O-O
15. Qf3 d5 16. cxd5 fxe4 17. Bxe4 Rb8 18. Rfd1 Qd7 19. d6 Rb6 20. Qd3 Rd8 21.
Rac1 Bf8 22. Qg3+ Bg7 23. Qd3 Bf8 24. Qg3+ Bg7 25. Qh4 Rxd6 26. Bxh7+ Kf8 27.
Qb4 Bb7 28. Nc2 Qe7 29. Rxd6 Rxd6 30. Re1 Bh6 31. Qg4 Qg5 32. Qxg5 Bxg5 33.
Rxe5 Bf6 34. Re2 Rd1+ 35. Re1 Rxe1+ 36. Nxe1 Bxb2 37. Bb1 Bc3 38. Nc2 Be4 39.
f3 Bg6 40. g4 f5 41. h4 fxg4 42. fxg4 Bf6 43. h5 Be4 44. Kf2 Bg5 45. Na3 Bd5
46. Kg3 Kg7 47. Nc2 Be4 1/2-1/2

[Event "14PCR_F"]
[Site "?"]
[Date "2005.??.??"]
[Round "?"]
[White "Pytlik, Lesek"]
[Black "Koci, Vladimir"]
[Result "1-0"]
[WhiteElo "2367"]
[BlackElo "2292"]
[PlyCount "147"]
[EventDate "2005.??.??"]
[EventType "corr"]
[SourceDate "2006.01.10"]

1. e4 g6 2. d4 Bg7 3. Nf3 d6 4. Nc3 Nf6 5. Be2 O-O 6. O-O Bg4 7. Be3 Nc6 8. d5
Bxf3 9. Bxf3 Ne5 10. Be2 c6 11. f4 Ned7 12. dxc6 bxc6 13. Qd2 Qc7 14. Rad1 a5
15. Bf3 a4 16. b3 Nb6 17. Kh1 Nfd7 18. f5 Ra5 19. fxg6 hxg6 20. Bg4 Ne5 21. Be2
axb3 22. cxb3 Nbd7 23. a4 Rb8 24. b4 Raa8 25. Rb1 c5 26. Bb5 e6 27. Rbc1 c4 28.
Bd4 Nd3 29. Nd5 Qd8 30. Bxg7 Kxg7 31. Bxd7 exd5 32. Bc6 Nxc1 33. Bxa8 Rxa8 34.
Qxd5 Qe8 35. Rxc1 Rxa4 36. Qxc4 Qb8 37. Qd4+ f6 38. Rb1 Qc7 39. h3 Qc5 40. Qd2
Qb6 41. Qc3 Ra7 42. Rf1 Rf7 43. Kh2 Qb5 44. Rb1 Re7 45. Qd4 Qb8 46. Kg1 Qb5 47.
Rc1 Re6 48. Rc7+ Kh6 49. Rc4 Qb7 50. Qd3 Kg7 51. b5 Qb6+ 52. Kh2 Qb8 53. Kh1
Re5 54. Rb4 Qb6 55. Rb1 Rg5 56. Qe2 Re5 57. Qc4 Qb7 58. Rb4 Rc5 59. Qf1 Qb6 60.
Rb1 Re5 61. Qg1 Qb7 62. b6 Rxe4 63. Rc1 Qd5 64. Qd1 Rd4 65. Qe1 Re4 66. Qf2 Re7
67. Ra1 Qb5 68. Ra7 Rf7 69. Qd4 d5 70. Kh2 Qc6 71. Rxf7+ Kxf7 72. Qb4 f5 73. b7
Qc7+ 74. Kg1 1-0

[Event "14PCR_F"]
[Site "?"]
[Date "2005.??.??"]
[Round "?"]
[White "Mudra, Oldrich"]
[Black "Zahour, Jiri"]
[Result "1/2-1/2"]
[WhiteElo "2097"]
[BlackElo "2303"]
[PlyCount "114"]
[EventDate "2005.??.??"]
[EventType "corr"]
[SourceDate "2006.01.10"]

1. Nf3 d5 2. d4 Nf6 3. c4 g6 4. Nc3 Bg7 5. Bf4 O-O 6. Rc1 dxc4 7. e4 Bg4 8. Be3
c5 9. dxc5 Qa5 10. Qc2 Be6 11. h3 Nc6 12. a3 Nd7 13. Nd2 Nce5 14. f4 Nd3+ 15.
Bxd3 cxd3 16. Qb1 Rad8 17. O-O f5 18. exf5 Rxf5 19. Nde4 Nf6 20. Ng3 Rfd5 21.
Rcd1 R5d7 22. Rd2 Nd5 23. Nxd5 Rxd5 24. Qd1 Qb5 25. Re1 R5d7 26. Ne4 Bxb2 27.
Qb1 Qc6 28. Qxb2 Qxe4 29. Bf2 Qc4 30. Be3 Rf8 31. Qe5 Qd5 32. Qxd5 Rxd5 33. Rb1
Rd7 34. Rb5 Bc4 35. Rb4 Ba6 36. g4 Kf7 37. Kf2 e5 38. Ke1 Re8 39. Rf2 e4 40.
Kd1 h5 41. Kd2 Rd5 42. Rg2 Re6 43. Ra4 Re8 44. Rf2 Bb5 45. Rxa7 Bc6 46. a4 Rdd8
47. Kc3 hxg4 48. hxg4 Rh8 49. a5 Rh3 50. Kd2 Ke6 51. a6 bxa6 52. f5+ gxf5 53.
gxf5+ Kd5 54. f6 Rf3 55. Rxf3 exf3 56. Rxa6 Rf8 57. Ra3 Bb5 1/2-1/2

[Event "14PCR_F"]
[Site "?"]
[Date "2005.??.??"]
[Round "?"]
[White "Zahour, Jiri"]
[Black "Rychtecky, Pavel"]
[Result "1-0"]
[WhiteElo "2303"]
[BlackElo "2218"]
[PlyCount "103"]
[EventDate "2005.??.??"]
[EventType "corr"]
[SourceDate "2006.01.10"]

1. e4 e5 2. Nf3 Nc6 3. d4 exd4 4. Nxd4 Nf6 5. Nxc6 bxc6 6. e5 Qe7 7. Qe2 Nd5 8.
c4 Nb6 9. Nc3 Qe6 10. Qe4 Ba6 11. b3 Bb4 12. Bd2 Bxc3 13. Bxc3 d5 14. Qh4 dxc4
15. Rc1 O-O 16. Be2 Nd5 17. Bxc4 Bxc4 18. Qxc4 f6 19. O-O fxe5 20. Bb2 Rad8 21.
f3 Rfe8 22. Rce1 Nf4 23. Rxe5 Qxc4 24. bxc4 Nd3 25. Rxe8+ Rxe8 26. Bc3 Nf4 27.
Ba5 Ne2+ 28. Kf2 Nf4 29. Kg3 Ne2+ 30. Kg4 Re5 31. Bxc7 Rc5 32. Rb1 Rxc4+ 33. f4
Nc1 34. g3 Rc2 35. Be5 Nd3 36. Rb8+ Kf7 37. Rb7+ Ke6 38. Bxg7 Rxa2 39. f5+ Kd6
40. h4 a5 41. Kg5 Rf2 42. g4 c5 43. Bc3 a4 44. Rxh7 Rc2 45. Bg7 a3 46. Rh8 Kd5
47. h5 a2 48. h6 Rh2 49. Ra8 c4 50. Ba1 Nf2 51. f6 Nh3+ 52. Kg6 1-0

[Event "14PCR_F"]
[Site "?"]
[Date "2005.??.??"]
[Round "?"]
[White "Hladecek, Miloslav"]
[Black "Firla, Stanislav"]
[Result "0-1"]
[WhiteElo "2306"]
[BlackElo "2326"]
[PlyCount "164"]
[EventDate "2005.??.??"]
[EventType "corr"]
[SourceDate "2006.01.10"]

1. e4 e5 2. Nf3 Nc6 3. Bc4 Bc5 4. d3 Nf6 5. O-O Bb6 6. Nc3 h6 7. Nd5 d6 8. a4
O-O 9. c3 Na5 10. Ba2 c5 11. Be3 Nc6 12. Nd2 Nxd5 13. Bxd5 Be6 14. Nc4 Bxd5 15.
exd5 Ne7 16. Qf3 f5 17. Rfb1 Bc7 18. b4 b6 19. Na3 f4 20. Bd2 Rf5 21. Nc2 cxb4
22. Nxb4 Rg5 23. Kh1 Qd7 24. c4 Rf8 25. Rb2 Rf6 26. Nc6 Ng6 27. Rg1 Nh4 28. Qe4
Rfg6 29. g3 Rg4 30. Qe2 Nf5 31. Be1 h5 32. f3 R4g5 33. Bd2 Bd8 34. a5 Rh6 35.
Rg2 Rhg6 36. Qf1 Bf6 37. axb6 axb6 38. Kg1 fxg3 39. Bxg5 Bxg5 40. d4 Bf4 41.
Kh1 h4 42. Rg1 exd4 43. Qd3 Rf6 44. Rxb6 Be3 45. Rb8+ Kh7 46. hxg3 Bxg1 47.
Kxg1 hxg3 48. f4 g6 49. Qe4 Ng7 50. Nxd4 Qa7 51. Rb1 Rf8 52. Rd1 Re8 53. Qd3
Nf5 54. Kg2 Ne3+ 55. Kxg3 Nxd1 56. Qxd1 Re3+ 57. Nf3 Kg7 58. Qc1 Qa3 59. Qxa3
Rxa3 60. Kg4 Re3 61. Nd4 Kf6 62. Nb5 Ke7 63. Nc7 Re2 64. Ne6 Kf6 65. Ng5 Re3
66. Nh7+ Ke7 67. Kg5 Rg3+ 68. Kh6 Rg4 69. Kg7 Rxf4 70. Kxg6 Rxc4 71. Nf6 Rc1
72. Ng8+ Kf8 73. Nf6 Rd1 74. Kf5 Kf7 75. Kg5 Rd2 76. Ne4 Rxd5+ 77. Kf4 Ke6 78.
Ke3 Ra5 79. Kd4 Ra4+ 80. Ke3 Ke5 81. Ng5 Rf4 82. Ne6 Kxe6 0-1

[Event "14PCR_F"]
[Site "?"]
[Date "2005.??.??"]
[Round "?"]
[White "Pecka, Josef"]
[Black "Rychtecky, Pavel"]
[Result "1-0"]
[WhiteElo "2309"]
[BlackElo "2218"]
[PlyCount "121"]
[EventDate "2005.??.??"]
[EventType "corr"]
[SourceDate "2006.01.10"]

1. e4 c5 2. Nf3 d6 3. Bb5+ Nd7 4. d4 Ngf6 5. O-O a6 6. Bxd7+ Nxd7 7. Nc3 e6 8.
Bg5 Qc7 9. d5 e5 10. a4 h6 11. Be3 Be7 12. Nd2 b6 13. f4 O-O 14. Qf3 Bb7 15. f5
Nf6 16. Ne2 b5 17. axb5 axb5 18. Qh3 Rxa1 19. Rxa1 Ra8 20. Rb1 Bd8 21. Ng3 Ra2
22. Nh5 Nxh5 23. Qxh5 c4 24. c3 Qa5 25. Qg4 Kf8 26. h3 Ba6 27. Kh2 b4 28. Nxc4
Bxc4 29. f6 g5 30. cxb4 Qc7 31. b5 Bxb5 32. Rc1 Bc4 33. Qh5 Bxf6 34. Qxh6+ Bg7
35. Qxg5 f6 36. Qf5 Rxb2 37. Qh7 Rb7 38. Rc2 Ke8 39. Qg8+ Bf8 40. Qg6+ Qf7 41.
Qf5 Bxd5 42. Rc8+ Ke7 43. exd5 Qxd5 44. Bb6 Bg7 45. h4 Qb3 46. Qg4 Kf7 47. h5
Qxb6 48. Qc4+ Ke7 49. Qg8 Qb5 50. Qxg7+ Ke6 51. Qg8+ Kf5 52. h6 Qd7 53. Rc3 Qf7
54. Rg3 Ke4 55. Qg4+ Kd5 56. Rd3+ Kc5 57. Rc3+ Kb5 58. Qd1 Qc4 59. Rxc4 Kxc4
60. Qa4+ Kc5 61. Qa3+ 1-0

[Event "14PCR_F"]
[Site "?"]
[Date "2005.??.??"]
[Round "?"]
[White "Rychtecky, Pavel"]
[Black "Kuchtova, Ruzena"]
[Result "1/2-1/2"]
[WhiteElo "2218"]
[BlackElo "2216"]
[PlyCount "117"]
[EventDate "2005.??.??"]
[EventType "corr"]
[SourceDate "2006.01.10"]

1. e4 c6 2. d4 d5 3. Nc3 dxe4 4. Nxe4 Nd7 5. Bc4 Ngf6 6. Ng5 e6 7. Qe2 Nb6 8.
Bb3 h6 9. N5f3 a5 10. c3 a4 11. Bc2 a3 12. b4 Bd6 13. Ne5 O-O 14. Ngf3 Nbd5 15.
Qc4 b6 16. Nxc6 Qc7 17. b5 Bd7 18. Bd2 Bxc6 19. bxc6 Rfc8 20. Rc1 b5 21. Qxb5
Rab8 22. Qa5 Ra8 23. Qc5 Rab8 24. O-O Rb2 25. Rfe1 Qxc6 26. Qxc6 Rxc6 27. Ba4
Rc8 28. c4 Nb4 29. c5 Nxa2 30. Ra1 Ra8 31. Bc6 Ra6 32. Bb5 Rxb5 33. Rxa2 Bc7
34. Rea1 e5 35. Nxe5 Bxe5 36. dxe5 Ne4 37. Be1 Rxc5 38. f3 Ng5 39. h4 Ne6 40.
Rxa3 Rxa3 41. Rxa3 Rxe5 42. Kf2 Kh7 43. Bc3 Rc5 44. g3 Kg6 45. Bd2 h5 46. Ra6
Kf5 47. Ra4 Ke5 48. Bb4 Rb5 49. g4 hxg4 50. fxg4 Kd5 51. h5 Rb7 52. Ke3 Rc7 53.
Ra5+ Kc4 54. Be1 Rd7 55. Bf2 Rd5 56. Rxd5 Kxd5 57. Be1 f6 58. Bc3 Ng5 59. Kf4
1/2-1/2

[Event "14PCR_F"]
[Site "?"]
[Date "2005.??.??"]
[Round "?"]
[White "Koci, Vladimir"]
[Black "Firla, Stanislav"]
[Result "1/2-1/2"]
[WhiteElo "2292"]
[BlackElo "2326"]
[PlyCount "173"]
[EventDate "2005.??.??"]
[EventType "corr"]
[SourceDate "2006.01.10"]

1. d4 Nf6 2. Nf3 g6 3. Bf4 Bg7 4. e3 O-O 5. Nbd2 d6 6. Be2 Nbd7 7. c3 Re8 8.
Qc2 e5 9. dxe5 dxe5 10. Bg5 Qe7 11. e4 h6 12. Bh4 Nc5 13. O-O Bd7 14. Rfe1 a5
15. h3 Bc6 16. Bc4 g5 17. Bg3 Nh5 18. Bh2 Nf4 19. Bxf4 gxf4 20. b4 Ba4 21. Qb2
Nd7 22. Bd5 Nb6 23. Bxb7 Ra7 24. bxa5 Rxa5 25. Qb1 Rd8 26. a3 Qf8 27. Qa2 Qc5
28. Nb3 Bxb3 29. Qxb3 Rb5 30. Qa2 Na4 31. Reb1 Rxb1+ 32. Qxb1 Rb8 33. Qd1 Nxc3
34. Qd7 Qd6 35. Qf5 c5 36. Kh2 c4 37. Rc1 Qxa3 38. Rxc3 Qxc3 39. Bd5 Rf8 40.
Nh4 Qa5 41. Bxc4 Qc7 42. Bd5 Rd8 43. Qg4 Qe7 44. Nf5 Qf6 45. Qd1 Bf8 46. Qb3
Rc8 47. Bc4 Ra8 48. Qb5 Rd8 49. Bd5 Kh7 50. Qc4 Kg6 51. Qb5 h5 52. h4 Bg7 53.
Qb3 Rd7 54. Qb5 Qd8 55. Qd3 Bf6 56. g3 Qb6 57. Kg2 Qc5 58. Kg1 Qb4 59. Kg2 Qb6
60. Qd1 Qd8 61. Qd3 Qa5 62. Qd1 Rxd5 63. exd5 e4 64. g4 Qa2 65. Kg1 Qa3 66. d6
Qd3 67. Ne7+ Kg7 68. Nf5+ Kh7 69. Qxd3 exd3 70. Kf1 hxg4 71. Ke1 g3 72. fxg3
fxg3 73. Ne3 Bc3+ 74. Kf1 d2 75. d7 Ba5 76. Ke2 f5 77. Ng2 Kg6 78. Nf4+ Kf6 79.
d8=Q+ Bxd8 80. Kxd2 Bc7 81. Ng2 f4 82. Ke2 Kg6 83. Kf3 Kh5 84. Ne1 Kxh4 85. Kg2
Kg4 86. Nf3 Bd6 87. Ne1 1/2-1/2

[Event "14PCR_F"]
[Site "?"]
[Date "2005.??.??"]
[Round "?"]
[White "Rychtecky, Pavel"]
[Black "Slavik, Miroslav"]
[Result "0-1"]
[WhiteElo "2218"]
[BlackElo "2198"]
[PlyCount "112"]
[EventDate "2005.??.??"]
[EventType "corr"]
[SourceDate "2006.01.10"]

1. d4 Nf6 2. c4 g6 3. Nc3 Bg7 4. Nf3 d5 5. cxd5 Nxd5 6. e4 Nxc3 7. bxc3 c5 8.
Be3 O-O 9. Rb1 Nc6 10. Be2 cxd4 11. cxd4 Qa5+ 12. Qd2 Qxd2+ 13. Kxd2 Rd8 14.
Rhc1 Nxd4 15. Nxd4 Bxd4 16. Bxd4 Rxd4+ 17. Ke3 Ra4 18. Bc4 Kf8 19. Bb3 Ra3 20.
Rc7 Be6 21. Rxb7 a5 22. Kf4 Bxb3 23. axb3 Ra2 24. Rf1 Rc8 25. g3 Rcc2 26. f3 f6
27. e5 fxe5+ 28. Kxe5 Rxh2 29. Re1 Rhe2+ 30. Rxe2 Rxe2+ 31. Kd4 h5 32. Rb5 Rg2
33. Rg5 Kf7 34. Ke4 Kf6 35. Rxa5 Rxg3 36. Ra6+ e6 37. b4 Rg1 38. Ra8 h4 39.
Rf8+ Kg5 40. b5 Rb1 41. Rb8 Re1+ 42. Kd4 Kf4 43. b6 Rb1 44. b7 Kg3 45. Ke3 Rb3+
46. Ke2 e5 47. Rg8 Rxb7 48. Rxg6+ Kh2 49. Rg5 h3 50. Kd3 Rb2 51. Ke3 Rg2 52.
Rh5 Kg3 53. Rh6 Rg1 54. Rg6+ Kh2 55. Re6 Kg2 56. Rg6+ Kf1 0-1

[Event "14PCR_F"]
[Site "?"]
[Date "2005.??.??"]
[Round "?"]
[White "Mudra, Oldrich"]
[Black "Pytlik, Lesek"]
[Result "1/2-1/2"]
[WhiteElo "2097"]
[BlackElo "2367"]
[PlyCount "136"]
[EventDate "2005.??.??"]
[EventType "corr"]
[SourceDate "2006.01.10"]

1. Nf3 Nf6 2. g3 g6 3. Bg2 Bg7 4. O-O O-O 5. c4 d6 6. d4 Nbd7 7. Nc3 c6 8. h3
e5 9. e4 Qb6 10. Re1 exd4 11. Nxd4 Ne8 12. Nf3 Qb4 13. Bf1 Nc5 14. Qc2 Qa5 15.
Bd2 Be6 16. Rad1 Qc7 17. b4 Nd7 18. Be3 a5 19. b5 Rc8 20. Qd2 Rd8 21. a3 Bf6
22. Na4 Ng7 23. b6 Qc8 24. Qxa5 Qa8 25. Qb4 c5 26. Qb5 Ne5 27. Nxe5 Bxe5 28.
Qb3 Bd7 29. Nc3 Ne6 30. Rd2 Nd4 31. Bxd4 Bxd4 32. Nd5 Ba4 33. Qb1 Qa5 34. Rde2
Bc6 35. Kg2 Rde8 36. f4 Bxd5 37. cxd5 f6 38. Ra2 g5 39. f5 Re7 40. Rd1 h5 41.
Bd3 h4 42. g4 Rc8 43. Rc1 Be3 44. Rc4 Kg7 45. Rac2 Ra8 46. R4c3 Bf4 47. Kf3 Qa4
48. Bc4 Ra5 49. Rd3 Rb5 50. Rb3 Rxb3+ 51. Qxb3 Qa5 52. Re2 Re8 53. Kg2 Ra8 54.
Kf3 Be5 55. a4 Bd4 56. Bb5 Qxb6 57. Rd2 Qc7 58. Qd3 Qe7 59. Rc2 Qe5 60. Kg2 Kf7
61. Rc1 Ke7 62. Rc2 Rc8 63. Rc1 Rc7 64. Qf3 Kf8 65. Bc4 Re7 66. Re1 Bc3 67. Re2
Bb2 68. Bb5 Bd4 1/2-1/2

[Event "14PCR_F"]
[Site "?"]
[Date "2005.??.??"]
[Round "?"]
[White "Nosek, Jaroslav"]
[Black "Janecek, Josef"]
[Result "1-0"]
[WhiteElo "2284"]
[BlackElo "2227"]
[PlyCount "137"]
[EventDate "2005.??.??"]
[EventType "corr"]
[SourceDate "2006.01.10"]

1. e4 c5 2. Nf3 Nc6 3. d4 cxd4 4. Nxd4 Nf6 5. Nc3 e5 6. Ndb5 d6 7. Bg5 a6 8.
Na3 b5 9. Bxf6 gxf6 10. Nd5 Bg7 11. Bd3 Ne7 12. Nxe7 Qxe7 13. O-O O-O 14. c4 f5
15. Qf3 bxc4 16. Nxc4 d5 17. exd5 e4 18. Qe3 Bb7 19. d6 Qf6 20. Be2 f4 21. Qh3
Rac8 22. d7 Rc7 23. Rad1 Rd8 24. Nd6 Rcxd7 25. Nxb7 Rxb7 26. Rxd8+ Qxd8 27. Rd1
Qe8 28. b3 e3 29. Qf5 Rb6 30. Qxf4 Rf6 31. Qg4 exf2+ 32. Kf1 Re6 33. Qf3 Qb8
34. g3 Rf6 35. Qd5 Bf8 36. Qg5+ Rg6 37. Qf5 Qb6 38. Bc4 Rf6 39. Qg4+ Kh8 40.
Qe4 Qa5 41. Qe8 Kg7 42. Rd8 Qa3 43. Qe2 Qc1+ 44. Rd1 Qg5 45. Kg2 Bc5 46. Bxa6
Re6 47. Qb2+ Kg8 48. Bf1 Qe7 49. Qc3 Re3 50. Qc4 Re4 51. Rd7 Rxc4 52. Rxe7 Bxe7
53. Bxc4 Bc5 54. Kf3 Kf8 55. Ke4 Ke7 56. a4 Bb4 57. Kd5 Bd2 58. Kc6 f5 59. Kb6
Be3+ 60. Ka6 Kd7 61. a5 Bd2 62. Kb6 Kc8 63. a6 Be3+ 64. Kc6 Kb8 65. b4 Ka7 66.
b5 h6 67. Kd5 Kb6 68. Ke5 Kc5 69. Bf1 1-0

[Event "14PCR_F"]
[Site "?"]
[Date "2005.??.??"]
[Round "?"]
[White "Janecek, Josef"]
[Black "Mudra, Oldrich"]
[Result "1-0"]
[WhiteElo "2227"]
[BlackElo "2097"]
[PlyCount "113"]
[EventDate "2005.??.??"]
[EventType "corr"]
[SourceDate "2006.01.10"]

1. e4 c6 2. d4 d5 3. exd5 cxd5 4. c4 Nf6 5. Nc3 e6 6. Nf3 Be7 7. c5 O-O 8. b4
b6 9. Bf4 a5 10. Na4 Nbd7 11. Bb5 bxc5 12. bxc5 Ba6 13. Bxa6 Rxa6 14. O-O Qc8
15. Rb1 Nh5 16. Bd2 Nhf6 17. Qe2 Ne4 18. Nc3 Qc6 19. Rfe1 Nxd2 20. Qxd2 a4 21.
a3 Bf6 22. Rb4 Ra5 23. Na2 Raa8 24. Rbb1 Qc7 25. Nb4 Rfe8 26. Rb2 Rac8 27. Qe2
Ra8 28. Reb1 Rec8 29. Nd3 h6 30. Rb7 Qd8 31. R1b4 Rc6 32. Qd1 Rcc8 33. h3 Kh8
34. Qb1 Rc7 35. Rxc7 Qxc7 36. Rb7 Qc6 37. Qb5 Qxb5 38. Rxb5 Rb8 39. Ra5 Rb3 40.
c6 Nb6 41. Nc5 Rxa3 42. c7 Be7 43. Ra8+ Kh7 44. Nxa4 Ra1+ 45. Kh2 Rxa4 46. Rxa4
Bd6+ 47. g3 Bxc7 48. Ra7 Bd6 49. Rxf7 Kg6 50. Rb7 Nc4 51. h4 Kf6 52. h5 Ba3 53.
Kg2 Nd6 54. Rd7 g6 55. Ra7 Bc1 56. hxg6 Kxg6 57. Ra6 1-0

[Event "14PCR_F"]
[Site "?"]
[Date "2005.??.??"]
[Round "?"]
[White "Kuchtova, Ruzena"]
[Black "Bednarik, Radovan"]
[Result "0-1"]
[WhiteElo "2216"]
[BlackElo "2201"]
[PlyCount "144"]
[EventDate "2005.??.??"]
[EventType "corr"]
[SourceDate "2006.01.10"]

1. d4 d5 2. Nf3 c6 3. c4 Nf6 4. Nc3 e6 5. e3 Nbd7 6. Qc2 Bd6 7. Bd3 O-O 8. O-O
dxc4 9. Bxc4 e5 10. Bd2 h6 11. Rad1 Re8 12. Ne4 Nxe4 13. Qxe4 Nf6 14. Qc2 e4
15. Ne5 Be6 16. Bc3 Qc7 17. Bxe6 Rxe6 18. f4 Ree8 19. a3 Nd5 20. Bd2 f5 21. Rc1
Kh7 22. a4 Rad8 23. a5 a6 24. Qb3 Rg8 25. Nc4 Be7 26. Ne5 g6 27. Be1 Rg7 28.
Nc4 Rdg8 29. Rc2 Rb8 30. Bd2 Qd8 31. Rfc1 Bf8 32. Be1 Qf6 33. Nb6 Rd8 34. Nxd5
Rxd5 35. Qc4 Bd6 36. Rf2 Bc7 37. b4 g5 38. fxg5 hxg5 39. Qe2 Kg8 40. g3 Bd6 41.
Bd2 Qh6 42. Rcf1 Qh3 43. Rg2 Re7 44. Qc4 Qh7 45. Rff2 Rf7 46. Qe2 Kf8 47. Rf1
Ke8 48. Rb1 Kd8 49. Qd1 Rb5 50. Rc1 Kc8 51. Qf1 Kb8 52. Rf2 Rf6 53. Qg2 Rh6 54.
Rff1 Rd5 55. Rc2 Ka8 56. Rb2 Rb5 57. Ra2 Bxb4 58. Bxb4 Rxb4 59. Rb2 Rxb2 60.
Qxb2 Rd6 61. Qb4 Rd5 62. Rc1 Rb5 63. Qd2 Qd7 64. Rf1 Qd5 65. Qc3 Rxa5 66. Qb4
Rb5 67. Qc3 g4 68. Kg2 Qa2+ 69. Rf2 Qa4 70. Qc1 Qb3 71. h4 gxh3+ 72. Kxh3 a5
0-1

[Event "14PCR_F"]
[Site "?"]
[Date "2005.??.??"]
[Round "?"]
[White "Rychtecky, Pavel"]
[Black "Koci, Vladimir"]
[Result "1/2-1/2"]
[WhiteElo "2218"]
[BlackElo "2292"]
[PlyCount "99"]
[EventDate "2005.??.??"]
[EventType "corr"]
[SourceDate "2006.01.10"]

1. e4 g6 2. d4 Bg7 3. Nc3 d6 4. Be3 Nf6 5. Nf3 O-O 6. Be2 b6 7. O-O Bb7 8. Qd3
Nbd7 9. Rfe1 a6 10. Rad1 c5 11. e5 Ng4 12. exd6 Nxe3 13. dxe7 Qxe7 14. Qxe3
Qxe3 15. fxe3 Rae8 16. Kf2 Bh6 17. Bf1 Re7 18. g4 Rfe8 19. g5 Bg7 20. d5 Ne5
21. e4 Rd8 22. a4 Rd6 23. h4 Bc8 24. Kg3 Kf8 25. Nd2 f6 26. Bh3 Bxh3 27. Kxh3
Ke8 28. Rf1 h5 29. gxf6 Rxf6 30. Rxf6 Bxf6 31. Rf1 Bg7 32. Kg3 Kd7 33. Ne2 Bh6
34. Nf4 Kd6 35. b3 g5 36. Ng2 gxh4+ 37. Nxh4 Bxd2 38. Nf5+ Kd7 39. Nxe7 Kxe7
40. Rf5 h4+ 41. Kxh4 Nd7 42. c4 Kd6 43. Kh5 Ne5 44. Rf2 Be3 45. Rg2 Kd7 46. Rg3
Bf4 47. Rg7+ Kc8 48. Rg8+ Kd7 49. Rf8 Bd2 50. Rf6 1/2-1/2